Online
Catalog

Ecología y ambiente en República Dominicana / (Record no. 23510)

MARC details
000 -CABECERA
campo de control de longitud fija 01392nam a2200289 a 4500
001 - NÚMERO DE CONTROL
campo de control 000024015
005 - FECHA Y HORA DE LA ÚLTIMA TRANSACCIÓN
campo de control 20250314113209.0
008 - DATOS DE LONGITUD FIJA--INFORMACIÓN GENERAL
campo de control de longitud fija 110118s1986 dr 001 0 spa d
040 ## - FUENTE DE LA CATALOGACIÓN
Centro catalogador/agencia de origen DO-SdBNP
Lengua de catalogación spa
Centro/agencia transcriptor BNPHU
082 ## - NÚMERO DE LA CLASIFICACIÓN DECIMAL DEWEY
Número de clasificación 304.28
Número de documento/Ítem E19a
245 00 - MENCIÓN DE TÍTULO
Título Ecología y ambiente en República Dominicana /
Mención de responsabilidad, etc. compilador Felicita Heredia Lorenzo, Víctor Hugo Delancer.
260 ## - PUBLICACIÓN, DISTRIBUCIÓN, ETC.
Lugar de publicación, distribución, etc. Santo Domingo :
Nombre del editor, distribuidor, etc. Universidad Autónoma de Santo Domingo,
Fecha de publicación, distribución, etc. 1986.
300 ## - DESCRIPCIÓN FÍSICA
Extensión 180 p. ;
Dimensiones 21 cm.
490 1# - MENCIÓN DE SERIE
Mención de serie Publicaciones de la Universidad Autónoma de Santo Domingo ;
Designación de volumen o secuencia 477
490 1# - MENCIÓN DE SERIE
Mención de serie Ambiente y sociedad ;
Designación de volumen o secuencia 1
500 ## - NOTA GENERAL
Nota general Discursos y conferencias presentados durtante la Semana del ambiente, celebrada en Santo Domingo del 3-9 de junio de 1984 y 1985.
590 ## - NOTA LOCAL (RLIN)
Nota local Inventariado, 2018/BT
650 #4 - PUNTO DE ACCESO ADICIONAL DE MATERIA--TÉRMINO DE MATERIA
Término de materia o nombre geográfico como elemento de entrada Ecología
Subdivisión geográfica República Dominicana
Subdivisión general Congresos, conferencias, etc.
9 (RLIN) 49353
650 #4 - PUNTO DE ACCESO ADICIONAL DE MATERIA--TÉRMINO DE MATERIA
Término de materia o nombre geográfico como elemento de entrada Educación ambiental
Subdivisión geográfica República Dominicana
Subdivisión general Congresos, conferencias, etc.
9 (RLIN) 49354
650 #0 - PUNTO DE ACCESO ADICIONAL DE MATERIA--TÉRMINO DE MATERIA
Término de materia o nombre geográfico como elemento de entrada Conservación de los recursos naturales
9 (RLIN) 1562
650 #4 - PUNTO DE ACCESO ADICIONAL DE MATERIA--TÉRMINO DE MATERIA
Término de materia o nombre geográfico como elemento de entrada Protección del medio ambiente
Subdivisión geográfica República Dominicana
9 (RLIN) 14337
700 1# - PUNTO DE ACCESO ADICIONAL--NOMBRE DE PERSONA
Nombre de persona Heredia Lorenzo, Felicita,
Término indicativo de función/relación comp.
9 (RLIN) 49355
700 1# - PUNTO DE ACCESO ADICIONAL--NOMBRE DE PERSONA
Nombre de persona Delancer, Víctor Hugo,
Término indicativo de función/relación comp.
9 (RLIN) 36330
830 #0 - PUNTO DE ACCESO ADICIONAL DE SERIE-TÍTULO UNIFORME
Título uniforme Publicaciones de la Universidad Autónoma de Santo Domingo ;
Número de parte o sección de la obra 477
9 (RLIN) 49356
830 #0 - PUNTO DE ACCESO ADICIONAL DE SERIE-TÍTULO UNIFORME
Título uniforme Ambiente y sociedad ;
Número de parte o sección de la obra 1
9 (RLIN) 49357
910 ## - DATOS DE OPCIÓN DEL USUARIO (OCLC)
Datos de opción del usuario Validado. Control de calidad. EMS
Holdings
Estado de retiro Estado de pérdida Restricciones de uso No para préstamo Código de colección Localización permanente Ubicación/localización actual Ubicación en estantería Fecha de adquisición Número de inventario Total de préstamos Signatura topográfica completa Código de barras Fecha visto por última vez Número de copia Precio válido a partir de Tipo de ítem Koha
        Dominicana de Servicio General General Depósito 18.01.2011 LF1   304.28 E19a 24015-30 25.06.2020 e. 3 25.06.2020 Libro y Folleto Colección Dominicana de Servicio
        Dominicana de Servicio General General Depósito 08.04.2013 LF1   304.28 E19a 24015-40 25.06.2020 e. 4 25.06.2020 Libro y Folleto Colección Dominicana de Servicio
      Excluido de préstamo Patrimonio Dominicano Patrimonio Dominicano Patrimonio Dominicano Depósito 18.01.2011 LF1   304.28 E19a 24015-10 25.06.2020   25.06.2020 Libro y Folleto Colección Patrimonio Dominicano
      Excluido de préstamo Patrimonio Dominicano Patrimonio Dominicano Patrimonio Dominicano Depósito 18.01.2011 LF1   304.28 E19a 24015-20 25.06.2020 e. 2 25.06.2020 Libro y Folleto Colección Patrimonio Dominicano

Powered by Koha